| 000 | 00738nam a2200241Ia 4500 | ||
|---|---|---|---|
| 003 | OSt | ||
| 005 | 20220925222215.0 | ||
| 006 | a|||||r|||| 00| 0 | ||
| 007 | ta | ||
| 008 | 220923b |||||||| |||| 00| 0 eng d | ||
| 020 | _a192159372 | ||
| 037 | _cGeneral Book | ||
| 040 |
_aRTL _cRTL _beng |
||
| 041 |
_2eng _aeng |
||
| 082 | _aX9(F).3;hN26.N5, L0.1 | ||
| 100 |
_aReader W J _999502 |
||
| 245 | 0 |
_aImperial Chemical Industries _b A history |
|
| 260 |
_aLondon _bOxford University Press UK _c1970 |
||
| 300 |
_axvi, 563p. Bibliography at the end of each chapter _ccm. |
||
| 650 |
_aTechnologcal Industry _9240363 |
||
| 942 |
_hX9(F).3;hN26.N5, L0.1 _cGB _2CC |
||
| 999 |
_c576382 _d576382 |
||